000 00416nam a2200181Ia 4500
001 23996
005 20260414151014.0
008 260414t2006||||xx |||||||||||||| ||spa||
041 _aESP
082 _a743.6
_bF84
100 _aFriend, Trudy
_eAUT
245 0 _aDibujar y pintar animales
_b
260 _c2006
300 _a121 páginas :
_ccm.
650 _aABD
654 _aCAU
942 _cLIB
_dJUS
_fJUS
_2ddc
_n
999 _c23996
_d23996